Library of the University of Algiers 3
Ibrahim Sultan Cheibout
شعار جامعة الجزائر 3
مكتبة جامعة الجزائر 3
إبراهيم سلطان شيبوط

الفكر السياسي الإسلامي / (رقم التسجيلة. 42232)

تفاصيل مارك
000 -LEADER
fixed length control field 01033nam a2200217Ia 4500
003 - CONTROL NUMBER IDENTIFIER
control field Ost
005 - DATE AND TIME OF LATEST TRANSACTION
control field 20260507075018.0
008 - FIXED-LENGTH DATA ELEMENTS--GENERAL INFORMATION
fixed length control field 260507s9999||||xx |||||||||||||| ||und||
040 ## - CATALOGING SOURCE
Transcribing agency fsecg
041 ## - LANGUAGE CODE
Language code of text/sound track or separate title ara
082 ## - DEWEY DECIMAL CLASSIFICATION NUMBER
Classification number 189
100 ## - MAIN ENTRY--PERSONAL NAME
Personal name ثابت، عادل
Relator term مؤلف
245 #0 - TITLE STATEMENT
Title الفكر السياسي الإسلامي /
Statement of responsibility, etc. عادل ثابت
260 ## - PUBLICATION, DISTRIBUTION, ETC.
Place of publication, distribution, etc. الإسكندرية:
Name of publisher, distributor, etc. دار الجامعة الجديدة,
Date of publication, distribution, etc. 2002
300 ## - PHYSICAL DESCRIPTION
Extent 281 صفحة؛
Other physical details إيضاحات ؛
Dimensions 24 سم
520 ## - SUMMARY, ETC.
Summary, etc. تصنيف الفكر السياسي الإسلامي-مجموعة المفكرين السياسيين المسلمين-مجموعة المفكرين الإسلاميين السياسيين أصحاب المنهج الإستقرائي-مجموعة المفكرين السياسيين الإسلاميين-لمحات من التراث الفكري السياسي الإسلامي
653 ## - INDEX TERM--UNCONTROLLED
Uncontrolled term السياسة
653 ## - INDEX TERM--UNCONTROLLED
Uncontrolled term الفكر الاسلامي
653 ## - INDEX TERM--UNCONTROLLED
Uncontrolled term الفلسفة الاسلامية
942 ## - ADDED ENTRY ELEMENTS (KOHA)
Koha item type كتب
المقتنيات
Withdrawn status Lost status Source of classification or shelving scheme Damaged status Not for loan Home library Current library Date acquired Serial enumeration / chronology Inventory number Total checkouts Full call number Barcode Date last seen Price effective from Koha item type
    Dewey Decimal Classification   Available مكتبة كلية العلوم الإقتصادية والعلوم التجارية وعلوم التسيير مكتبة كلية العلوم الإقتصادية والعلوم التجارية وعلوم التسيير 07/05/2026 الطابق الأرضي 27395   أ/75ن1 27395 07/05/2026 07/05/2026 كتب
    Dewey Decimal Classification   Available مكتبة كلية العلوم الإقتصادية والعلوم التجارية وعلوم التسيير مكتبة كلية العلوم الإقتصادية والعلوم التجارية وعلوم التسيير 07/05/2026 الطابق الأرضي 27426   أ/75ن2 27426 07/05/2026 07/05/2026 كتب

موارد الويب المفتوحة


© University of Algiers 3 All Rights Reserved
|
Implemented by LECHELAH Riad